Berühmte Personen aus Baden-Württemberg - Statistiken

Allgemein
  • Dieses Quiz wurde 362 mal gespielt
    149 seit der letzten Aktualisierung
  • Das Durchschnittsergebnis liegt bei 14 aus 20
Antwortstatistiken
Bildquiz Hint Antwort % Korrekt
Schönau im Schwarzwald Joachim Löw
100%
Ulm Albert Einstein
97%
Karlsruhe Oliver Kahn
96%
Mutlangen Cro
94%
Rottweil Joshua Kimmich
90%
Freiburg im Breisgau Til Schweiger
90%
Leimen Boris Becker
89%
Filderstadt Ricarda Lang
85%
Mannheim Steffi Graf
85%
Bad Urach Cem Özdemir
84%
Mannheim Xavier Naidoo
80%
Forchtenberg Sophie Scholl
74%
Ebingen (heute: Albstadt) Kurt Georg Kiesinger
54%
Marbach am Neckar Friedrich Schiller
51%
Heidenheim an der Brenz Erwin Rommel
48%
Stuttgart Richard von Weizsäcker
38%
Heidelberg Friedrich Ebert
35%
Heidelberg Michael Fassbender
29%
Calw Hermann Hesse
21%
Ulm Hildegard Knef
14%
Keine übereinstimmenden Quizze gefunden
Verteilung der Resultate
Anzahl Personen mit jedem Resultat
Perzentil nach korrekt beantworteten Fragen
Ihre Resultats-Entwicklung
Sie haben dieses Quiz seit der letzten Aktualisierung nicht gespielt